Beginning Unix [

Bibliographic Details
Other Authors: Love, Paul
Format: Book
Published: Indianapolis : Wiley Publishing , 2005
Subjects:

MARC

LEADER 00000cam a2200000 7i4500
001 0000019673
005 20071102.0
020 |a 0764579940 
040 |a INS 
090 0 0 |a CD 268 
245 1 0 |a Beginning Unix [  |h electronic resources]   |c Paul Love ...[et.al] 
260 |a Indianapolis :   |b Wiley Publishing ,   |c 2005 
300 |a 1 computer optical disc :   |b ill. col. ;   |c 4 3/4 in. 
650 0 0 |a Operating systems (Computers) 
650 0 0 |a UNIX (Computer file) 
700 0 |a Love, Paul 
999 |a CD00000268   |b CD-ROM   |c Media Collection   |e Default branch 
999 |a CD00000616   |b CD-ROM   |c Media Collection   |e Default branch